Statistics for Locked Away - R. City Feat. Adam Levine - All Lyrics

Click here to take the quiz!

General Stats

  • This quiz has been taken 31 times
  • The average score is 474 of 566

Answer Stats

Answer% Correct
A
100%
a
100%
away
100%
fi
100%
got
100%
honestly,
100%
I
100%
If
100%
it
100%
locked
100%
me)
100%
me?)
100%
me?
100%
me
100%
me,
100%
tell
100%
(Tell
100%
Tell
100%
to
100%
who
100%
(Would
100%
Would
100%
would
100%
All
96%
all
96%
and
96%
be
96%
couldn't
96%
flaws
96%
lost
96%
love
96%
my
96%
same?
96%
show
96%
showed
96%
still
96%
strong
96%
the
96%
today
96%
we
96%
ya
96%
you
96%
lie
88%
do
75%
when
75%
don't
71%
know
71%
know,
71%
need
71%
(Need
71%
(Baby,
67%
Baby,
67%
in
67%
real,
67%
really
67%
for
63%
'for
63%
life
63%
life'
63%
alright?
58%
around?
58%
Can
58%
can
58%
die
58%
gyal
58%
Gyal
58%
have
58%
is
58%
stick
58%
that
58%
want
58%
(Want
58%
did
54%
didn't
54%
now)
54%
Now
54%
now?
54%
on,
54%
side
54%
side?
54%
there
54%
with
54%
your
54%
anything
50%
right
50%
(Right
50%
always
46%
by
46%
cry
46%
down
46%
down?
46%
enough?
46%
low)
46%
low
46%
(Low,
46%
low,
46%
Or
46%
ride
46%
Shawty,
46%
spend
46%
things
46%
trust
46%
wanna
46%
whole
46%
buy
42%
fancy
42%
hold
42%
just
42%
money
42%
stay
42%
but
38%
give
38%
‘Cause
33%
Come
33%
even
33%
here
33%
not
33%
say
33%
goodbye?
29%
judge
29%
much
29%
play
29%
tryna
29%
(Yeah)
29%
(Call
25%
call
25%
else
25%
gonna
25%
nothing
25%
who's
25%
about
21%
knew
21%
somebody
21%
wasn't
21%
are
13%
balling
8%
dang
8%
dong,
8%
Skiddly
8%

Score Distribution

Percentile by Number Answered

Percent of People with Each Score

Your Score History

You have not taken this quiz